Die 152 beliebtesten ♂ ♀ Vornamen in Serbien - Statistiken

Allgemein
  • Dieses Quiz wurde 85 mal gespielt
  • Das Durchschnittsergebnis liegt bei 11 aus 154
Antwortstatistiken
♀ / ♂ Name % Korrekt
Jungen - - > | Mädchen - - > ⤵️
98%
A3 Ana
52%
L4 Luka
52%
D6 Dragan
40%
A10 Aleksandar
38%
A10 Aleksandra
38%
M5 Milan
37%
A10 Anastasija
28%
J6 Jelena
28%
M4 Mile
26%
L5 Lazar
22%
D7 Dragana
20%
S5 Sanja
20%
Z4 Zora
20%
I5 Ivana
18%
L4 Lena
18%
M6 Milena
18%
P5 Petar
18%
G5 Goran
15%
T6 Teodor
15%
B6 Bojana
14%
T6 Tamara
14%
T7 Teodora
14%
V3 Vuk
14%
B6 Bogdan
12%
I3 Ivo
12%
Z5 Zoran
12%
G7 Gordana
11%
U4 Uros
11%
I5 Irena
9%
J7 Jasmina
9%
M5 Mirko
9%
S6 Sofija
9%
S8 Svetlana
9%
A9 Andrijana
8%
B6 Branka
8%
D5 Dunja
8%
N4 Nada
8%
N6 Nevena
8%
R7 Radmila
8%
C4 Ceca
6%
D5 Darko
6%
D8 Dragomir
6%
E7 Emilija
6%
H6 Helena
6%
I5 Ivona
6%
S6 Stevan
6%
V5 Vesna
6%
A3 Aco
5%
A5 Anica
5%
B8 Borislav
5%
B6 Branko
5%
D6 Danilo
5%
K5 Kosta
5%
M5 Milka
5%
S9 Stanislav
5%
V7 Velibor
5%
V9 Vladislav
5%
E9 Elizabeta
3%
S6 Selena
3%
S6 Suzana
3%
T7 Tatjana
3%
T5 Todor
3%
V7 Violeta
3%
A8 Aleksija
2%
B4 Bane
2%
B7 Bogdana
2%
B5 Borka
2%
E9 Ekatarina
2%
I6 Ivanka
2%
J5 Josif
2%
J7 Julijan
2%
L4 Lila
2%
L4 Lola
2%
M7 Milovan
2%
O6 Olgica
2%
R5 Rajka
2%
S6 Stepan
2%
T6 Trifun
2%
U3 Una
2%
V8 Valerija
2%
Z6 Zlatko
2%
A7 Andelka
0%
A8 Antonije
0%
A5 Avram
0%
B7 Biserka
0%
B8 Blazenka
0%
B7 Bogomir
0%
B5 Bosko
0%
B9 Bozidarka
0%
B9 Bratislav
0%
B10 Bratislava
0%
C4 Caja
0%
C4 Caka
0%
C4 Cana
0%
D7 Despina
0%
D4 Deva
0%
D9 Dimitrije
0%
D5 Dinka
0%
D8 Doroteja
0%
D5 Dukan
0%
D5 Durad
0%
F4 Fema
0%
F6 Filipa
0%
G4 Gaga
0%
G4 Gara
0%
G8 Georgije
0%
G8 Georgina
0%
G6 German
0%
G7 Glorija
0%
I4 Ivko
0%
J8 Julijana
0%
K6 Kirilo
0%
K6 Kosana
0%
K7 Kosovka
0%
K7 Krstina
0%
K6 Kuzman
0%
L4 Lale
0%
L4 Lela
0%
L7 Leonida
0%
L8 Lilijana
0%
M7 Makrena
0%
M6 Malina
0%
M8 Melanija
0%
N7 Negomir
0%
N5 Nikon
0%
N5 Ninko
0%
O7 Obradin
0%
O4 Olja
0%
O5 Ozren
0%
P5 Persa
0%
P7 Persida
0%
P6 Prodan
0%
R5 Radul
0%
R7 Rafailo
0%
R5 Ranka
0%
R9 Roksandra
0%
R6 Rozmir
0%
S7 Selimir
0%
S6 Simona
0%
S6 Slaven
0%
S4 Soja
0%
S8 Spiridon
0%
S10 Stanislava
0%
S6 Stokan
0%
T7 Tanasko
0%
T4 Tode
0%
T5 Tomka
0%
T7 Tugomir
0%
V4 Vajo
0%
V5 Vukan
0%
Z4 Zika
0%
Z6 Zivana
0%
Keine übereinstimmenden Quizze gefunden
Verteilung der Resultate
Anzahl Personen mit jedem Resultat
Perzentil nach korrekt beantworteten Fragen
Ihre Resultats-Entwicklung
Sie haben dieses Quiz noch nicht gespielt